BLIER, CARMET ou LES DEUX - Statistiques

Statistiques générales
  • Ce quiz a été pris 9 fois
  • Le résultat moyen est 8 sur 15
Statistiques - réponses
Question Réponse % Correct
Mon oncle Benjamin (1969) BLIER
75%
Faut pas prendre les enfants du bon Dieu pour des canards sauvages (1968) LES DEUX
75%
Quand la femme s'en mêle (1957) BLIER
63%
Twist again à Moscou (1986) BLIER
63%
Les Gaspards (1973) CARMET
63%
Un idiot à Paris (1967) LES DEUX
63%
Le Grand Blond avec une chaussure noire (1972) LES DEUX
63%
Les enfants du paradis (1945) CARMET
50%
Le Sucre (1978) CARMET
50%
Bons baisers... à lundi (1974) LES DEUX
50%
Le drapeau noir flotte sur la marmite (1971) CARMET
38%
Le Cri du cormoran le soir au-dessus des jonques (1971) LES DEUX
38%
Buffet froid (1979) LES DEUX
38%
La Banquière (1980) CARMET
25%
La famille Fenouillard (1961) BLIER
13%
Aucun quiz correspondant
Distribution des résultats
% des personnes avec chaque résultat
Percentile par nombre de réponses
Votre historique - résultats
Vous n’avez pas pris ce quiz